5HLuxD.jpg

KING HENRY VIII SENIOR AND PRIMARY SCHOOL LIBRARY OPAC

One Lesson One Practice (Record no. 3226)

000 -LEADER
fixed length control field 00474nam a22001817a 4500
005 - DATE AND TIME OF LATEST TRANSACTION
control field 20231108082720.0
008 - FIXED-LENGTH DATA ELEMENTS--GENERAL INFORMATION
fixed length control field 231108b ||||| |||| 00| 0 eng d
020 ## - INTERNATIONAL STANDARD BOOK NUMBER
International Standard Book Number 9787513724548
040 ## - CATALOGING SOURCE
Transcribing agency KH8
082 ## - DEWEY DECIMAL CLASSIFICATION NUMBER
Classification number 495.186 YE
100 ## - MAIN ENTRY--PERSONAL NAME
Personal name Ye Quanjun
Relator term Author
245 ## - TITLE STATEMENT
Title One Lesson One Practice
Remainder of title Book 3 /
Statement of responsibility, etc. Ye Quanjun
260 ## - PUBLICATION, DISTRIBUTION, ETC.
Name of publisher, distributor, etc. China Peace Publishing House,
Date of publication, distribution, etc. 2023
300 ## - PHYSICAL DESCRIPTION
Extent 72 pages,
Other physical details 30cm.
650 ## - SUBJECT ADDED ENTRY--TOPICAL TERM
Topical term or geographic name entry element chinese
650 ## - SUBJECT ADDED ENTRY--TOPICAL TERM
Topical term or geographic name entry element textbook
942 ## - ADDED ENTRY ELEMENTS (KOHA)
Source of classification or shelving scheme
Koha item type Teaching Resources
Holdings
Withdrawn status Lost status Source of classification or shelving scheme Damaged status Not for loan Collection code Permanent Location Current Location Shelving location Date acquired Full call number Barcode Date last seen Price effective from Koha item type
          Teaching Resources KH8 Primary School Library KH8 Primary School Library Staff Office 2023-11-08 495.186 YE TRKHPL000004341 2023-11-08 2023-11-08 Teaching Resources

Powered By KH8 IT Dept